Fr. Conceicao Rodrigues College of Engineering

Professional ASP.NET 2.0 (Record no. 26026)

MARC details
000 -LEADER
fixed length control field 00371nam a2200169Ia 4500
082 ## - DEWEY DECIMAL CLASSIFICATION NUMBER
Classification number 004.65/EVJ
Item number EVJ
100 ## - MAIN ENTRY--PERSONAL NAME
Personal name Evjen/Bill/ Hanselman/Scott
245 ## - TITLE STATEMENT
Title Professional ASP.NET 2.0
260 ## - PUBLICATION, DISTRIBUTION, ETC.
Name of publisher, distributor, etc. Wiley/Dreamtech
Place of publication, distribution, etc. New Delhi
Date of publication, distribution, etc. 2006
366 ## - TRADE AVAILABILITY INFORMATION
Publishers's discount category 15
300 ## - PHYSICAL DESCRIPTION
Extent 1253
546 ## - LANGUAGE NOTE
Language note ENGLISH
650 ## - SUBJECT ADDED ENTRY--TOPICAL TERM
Topical term or geographic name entry element ASP
654 ## - SUBJECT ADDED ENTRY--FACETED TOPICAL TERMS
Focus term ASP.NET 2.0
942 ## - ADDED ENTRY ELEMENTS (KOHA)
Koha item type BOOK
Holdings
Withdrawn status Lost status Damaged status Not for loan Collection Home library Current library Shelving location Date acquired Source of acquisition Cost, normal purchase price Inventory number Total Checkouts Full call number Barcode Date last seen Cost, replacement price Price effective from Koha item type
        CRC Fr. Agnel's C.Rodrigues College of Engineering Fr. Agnel's C.Rodrigues College of Engineering   17/03/2023 Unique Book Distributors 584.00 5396 dt 30/10/2006   004.65/EVJ EVJ 17106 17/03/2023 599.00   BOOK